000 00415nam a2200145Ia 4500
008 231129s1996||||xx |||||||||||||| ||spa||
020 _a958-18-0133-2
040 _bspa
082 _a918.61 S192n
100 _aSamper Ortega Daniel
245 0 _aNuestro lindo pais colombiano
260 _c1996
264 _aImprenta Nacional/Presidencia de laRepublica
942 _2ddc
_cBKS
999 _c21848
_d21848